LIBRARY & INFORMATION CENTRE, KCAET, TAVANUR

ONLINE PUBLIC ACCESS CATALOGUE (OPAC)

Concrete Manual / (Record no. 5534)

MARC details
000 -LEADER
fixed length control field 00338cam a2200121ua 4500
082 ## - DEWEY DECIMAL CLASSIFICATION NUMBER
Classification number 624.18341
Item number UNI/CO
245 ## - TITLE STATEMENT
Title Concrete Manual /
250 ## - EDITION STATEMENT
Edition statement 7 /
260 ## - PUBLICATION, DISTRIBUTION, ETC. (IMPRINT)
Place of publication New Delhi :
Name of publisher Oxford & IBH Publishing company ,
Year of publication 1965.
300 ## - PHYSICAL DESCRIPTION
Number of Pages 642 ; .
500 ## - GENERAL NOTE
General note United States Department of the Interior Bureau of Reclamation
942 ## - ADDED ENTRY ELEMENTS (KOHA)
Koha item type Reference
Holdings
Withdrawn status Lost status Damaged status Collection code Home library Current library Shelving location Date acquired Full call number Accession Number Koha item type
      Reference KAUAET KAUAET Reference 07/04/2012 624.18341.UNI/CO 10701 Reference
Withdrawn   Damaged   KAUAET KAUAET   07/04/2012 028.72624 12356 Reference
      Reference KAUAET KAUAET Reference 07/04/2012 624.18341.UNI/CO 16743 Reference
free website counter